"Whoa, Come with Me Now" Kongos Lyrics - Statistics

General Stats
  • This quiz has been taken 10 times
  • The average score is 110 of 167
Answer Stats
Lyrics % Correct
Come
100%
come
100%
I
100%
I'm
100%
me
100%
now
100%
now ...
100%
whoa
100%
with
100%
a
83%
born
83%
fear
83%
gonna
83%
how
83%
my
83%
this
83%
to
83%
was
83%
without
83%
you
83%
away
67%
down
67%
fight
67%
he
67%
lose
67%
myself
67%
need
67%
show
67%
take
67%
tonight
67%
and
50%
bite
50%
breath
50%
even
50%
far
50%
feel
50%
funny
50%
him
50%
in
50%
last
50%
night
50%
of
50%
sell
50%
soul
50%
too
50%
tried
50%
wouldn't
50%
afraid
33%
at
33%
But
33%
caught
33%
clear
33%
confuse
33%
confused
33%
control
33%
death
33%
don't
33%
felt
33%
head
33%
heard
33%
heart
33%
it's
33%
I've
33%
move
33%
only
33%
open
33%
part
33%
read
33%
real
33%
say
33%
seems
33%
something
33%
that's
33%
think
33%
thought
33%
time
33%
up
33%
wasted
33%
what
33%
world
33%
before
17%
delay
17%
door
17%
growing
17%
knows
17%
mouth
17%
old
17%
stood
17%
told
17%
No matching quizzes found
Score Distribution
Percent of People with Each Score
Percentile by Number Answered
Your Score History
You have not taken this quiz